Taylor Swift Eras Tour stops - Statistiques

Statistiques générales
  • Ce quiz a été pris 72 fois
    65 depuis la dernière actualisation
  • Le résultat moyen est 24 sur 52
Statistiques - réponses
Hint Country Réponse % Correct
June 2-3 France Lyon
96%
June 21-23 England London
88%
August 15-17 & 19-20 England London
88%
May 24-25 Portugal Lisbon
82%
May 30 Spain Madrid
82%
February 23-26 Australia Sydney
80%
February 7-10 Japan Tokyo
77%
November 17 & 19-20 Brazil Rio de Janeiro
75%
June 28-30 Ireland Dublin
71%
February 19-18 Australia Melbourne
70%
July 13-14 Italy Milan
70%
November 14-16 & 21-23 Canada Toronto
68%
November 9 & 11-12 Argentina Buenos Aires
66%
March 2-4 & 7-9 Singapore Singapore
66%
May 17-19 Sweden Stockholm
64%
August 8-10 Austria Vienna
63%
December 6-8 Canada Vancouver
61%
July 4-6 Netherlands Amsterdam
57%
October 18-20 USA Miami
57%
July 27-28 Germany Munich
57%
August 25-27 Mexico Mexico City
54%
July 9-10 Switzerland Zürich
54%
March 17-18 USA Glendale
52%
May 9-12 France Nanterre
52%
November 24-26 Brazil São Paulo
52%
June 18 Wales Cardiff
45%
June 13-15 England Liverpool
43%
July 22-23 USA Seattle
39%
August 1-3 Poland Warsaw
39%
October 25-27 USA New Orleans
38%
June 7-9 Scotland Edinburgh
36%
July 7-8 USA Kansas City
36%
July 23-24 Germany Hamburg
34%
May 5-7 USA Nashville
34%
June 2-4 USA Chicago
30%
November 1-3 USA Indianapolis
29%
July 17-19 Germany Gelsenkirchen
23%
April 13-15 USA Tampa
23%
April 28-30 USA Atlanta
21%
March 31-April 2 USA Arlington
20%
July 14-15 USA Denver
20%
April 21-23 USA Houston
20%
June 23-24 USA Minneapolis
20%
July 28-29 USA Santa Clara
18%
May 26-28 USA East Rutherford
16%
May 12-14 USA Philadelphia
16%
August 3-6 & 7-9 USA Inglewood
14%
May 19-21 USA Foxborough
13%
June 30-July 1 USA Cincinnati
11%
June 9-10 USA Detroit
11%
June 16-17 USA Pittsburgh
9%
March 24-25 USA Paradise
7%
Aucun quiz correspondant
Distribution des résultats
% des personnes avec chaque résultat
Percentile par nombre de réponses
Votre historique - résultats
Vous n’avez pas pris ce quiz depuis la dernière actualisation